Online Catalogue and eLibrary

Kalimuththuge purawesibhawaya (Record no. 5354)

MARC details
000 -LEADER
fixed length control field 00403nam a2200169Ia 4500
005 - DATE AND TIME OF LATEST TRANSACTION
control field 20250425061510.0
008 - FIXED-LENGTH DATA ELEMENTS--GENERAL INFORMATION
fixed length control field 240331s9999 xx 000 0 und d
020 ## - INTERNATIONAL STANDARD BOOK NUMBER
ISBN 9559133004
082 ## - DDC Classification
Item Number - Author Mark ASU
Class No. 891
100 ## - MAIN ENTRY--PERSONAL NAME
Personal name Asumath,I
245 #0 - TITLE STATEMENT
Title Kalimuththuge purawesibhawaya
250 ## - EDITION STATEMENT
Edition statement 2nd
260 ## - PUBLICATION, DISTRIBUTION, ETC.
Place of publication, distribution, etc. Nugegoda
Name of publisher, distributor, etc. Nipuna enterprises
Date of publication, distribution, etc. 1999
300 ## - PHYSICAL DESCRIPTION
Extent (e.g. Volumes, Pages etc.) 103 p .,
650 ## - SUBJECT ADDED ENTRY--TOPICAL TERM
Topical term or geographic name entry element Short Stories
942 ## - Koha item type (Biblio)
Koha item type Books in Stacks (Lending)
Holdings
Lost status Damaged status Collection code Home library Current library Shelving location Date acquired Full call number Accession Number Item type
    Lending WERC Library WERC Library Social Science Cupboard 03/31/2024 891.48 ASU 4843 Books in Stacks (Lending)

© WERC Library